Statistics for Harry Styles Quotes

Click here to take the quiz!

General Stats

  • This quiz has been taken 180 times
  • The average score is 2 of 10

Answer Stats

HintAnswer% Correct
T___ I_ _ F_____ S___this is a family show
45%
N_ F______ W__no fucking way
29%
S_____ I_ Y__ W___ T_ G_ F_____scream if you want to go faster
29%
L______ Q____ B__londons quite big
27%
I__ N__ C_________it's not complicated
24%
_ H____ _ S__ H__ N___ I_ I______i have a son his name is ishmael
19%
H___ M_ J_____help me jeffrey
14%
F___ O__ N____fuck off nigel
10%
I__ M_________its motivating
9%
I__ N__ o_ M_ S_____its not on me sister
9%

Score Distribution

Percentile by Number Answered

Percent of People with Each Score

Your Score History

You have not taken this quiz